| 000 | 00764nam a22002050 4500 | ||
|---|---|---|---|
| 003 | PILC | ||
| 005 | 20150824093812.0 | ||
| 008 | /0/1 | ||
| 035 | _a69015 | ||
| 035 | _a69-15949 //r86 | ||
| 050 | 0 | 0 |
_aE 183.8.R9 _b.K4 1969 |
| 100 | 1 |
_aKennedy, Robert Francis, _d1925-1968. |
|
| 245 | 1 | 0 |
_aThirteen days : _ba memoir of the Cuban missile crisis / _cby Robert F. Kennedy ; with introductions by Robert S. McNamara and Harold Macmillan. |
| 260 |
_aNew York : _bW. W. Norton, _c1969. |
||
| 300 |
_a224 pages : _billustratrions ; _c24 cm. |
||
| 650 | 0 |
_aUnited States _xForeign relations _xSoviet Union. |
|
| 650 | 0 |
_aSoviet Union _xForeign relations _xUnited States. |
|
| 650 | 0 |
_aMilitary bases, Soviet _xCuba. |
|
| 942 |
_2lcc _cBK _kFOR |
||
| 999 |
_c288439 _d288439 |
||